|
|
|
|
| LEADER |
00000cam a22000004a 4500 |
| 001 |
musev2_9306 |
| 003 |
MdBmJHUP |
| 005 |
20230905041047.0 |
| 006 |
m o d |
| 007 |
cr||||||||nn|n |
| 008 |
051203s2005 utu o 00 0 eng d |
| 020 |
|
|
|a 9780874215281
|
| 020 |
|
|
|z 9780874216189
|
| 035 |
|
|
|a (OCoLC)476107570
|
| 040 |
|
|
|a MdBmJHUP
|c MdBmJHUP
|
| 245 |
0 |
0 |
|a Coyote Steals Fire :
|b A Shoshone Tale /
|c retold and illustrated by the Northwestern Band of the Shoshone Nation.
|
| 264 |
|
1 |
|a Logan, Utah :
|b Utah State University Press,
|c 2005.
|
| 264 |
|
3 |
|a Baltimore, Md. :
|b Project MUSE,
|c 2022
|
| 264 |
|
4 |
|c ©2005.
|
| 300 |
|
|
|a 1 online resource (32 pages).
|
| 336 |
|
|
|a text
|b txt
|2 rdacontent
|
| 337 |
|
|
|a computer
|b c
|2 rdamedia
|
| 338 |
|
|
|a online resource
|b cr
|2 rdacarrier
|
| 505 |
0 |
0 |
|t Coyote Steals Fire --
|t History, Culture, and Traditions of the Northwestern Shoshone --
|t Significant Events in Modern Northwestern Shoshone History --
|t Culture, Tradition, and Education --
|t Listener's Guide to the Coyote Steals Fire CD --
|t About the Book.
|
| 506 |
0 |
|
|a Open Access
|f Unrestricted online access
|2 star
|
| 520 |
|
|
|a Members of the Northwestern Band of the Shoshone Nation developed the concept for this retelling of a traditional Shoshone folktale. Together, they wrote and illustrated the book.
|
| 588 |
|
|
|a Description based on print version record.
|
| 600 |
0 |
7 |
|a Coyote
|c (Mythological character)
|2 fast
|0 (OCoLC)fst00882080
|
| 600 |
0 |
0 |
|a Coyote
|c (Mythological character)
|v Legends.
|
| 650 |
|
7 |
|a Shoshoni Indians.
|2 fast
|0 (OCoLC)fst01117654
|
| 650 |
|
7 |
|a JUVENILE NONFICTION
|x Social Science
|x Folklore & Mythology.
|2 bisacsh
|
| 650 |
|
6 |
|a Shoshone (Indiens)
|x Folklore.
|
| 650 |
|
0 |
|a Shoshoni Indians
|x Folklore.
|
| 655 |
|
7 |
|a Legends.
|2 fast
|0 (OCoLC)fst01423803
|
| 655 |
|
7 |
|a Folklore.
|2 fast
|0 (OCoLC)fst01423784
|
| 655 |
|
7 |
|a Electronic books.
|2 local
|
| 710 |
2 |
|
|a Northwestern Band of Shoshoni Nation of Utah (Washakie)
|
| 710 |
2 |
|
|a Project Muse.
|e distributor
|
| 830 |
|
0 |
|a Book collections on Project MUSE.
|
| 856 |
4 |
0 |
|z Texto completo
|u https://projectmuse.uam.elogim.com/book/9306/
|